000 00521nam a2200193Ia 4500
003 OSt
005 20250116123253.0
008 210716s1999 xx 000 0 und d
020 _a0739405055
040 _cAIMIT LIBRARY
041 _aeng
082 _a808.83
_21
_bMILM
100 _aMiles, Margaret.
_9193678
245 _aToo soon for flowers /
_cBy Margaret Miles.
250 _a1st ed.
260 _aNew York :
_bBantam books ;
_c1999.
300 _a290p. ;
_bPB
_c22 cm.
942 _2ddc
_cBK
_e1st ed.
_k808.83 MILM
999 _c200983
_d200983